| 000 | nam a22 7a 4500 | ||
|---|---|---|---|
| 999 |
_c44006 _d44006 |
||
| 003 | OSt | ||
| 005 | 20180427103025.0 | ||
| 008 | 180427b xxu||||| |||| 00| 0 eng d | ||
| 040 | _c IIMT UNIVERSITY MEERUT | ||
| 082 |
_24TH ED. _a403.033 _b11 |
||
| 100 | _aWREN,P C MARTIN | ||
| 245 |
_aHIGH SCHOOL ENGLISH GRAMMAR _cAUTHOR |
||
| 250 | _a44TH | ||
| 260 |
_aS CHAND _bS CHAND _c2008 |
||
| 300 |
_a44TH ED _b418 PP |
||
| 700 | _aWREN,PC MARTIN | ||
| 856 |
_3PAPERBACK _zENGLISH |
||
| 942 |
_2ddc _c01 _e44TH _hTITLE _iBOOK _k403.033WRE _m403.033WRE |
||